000 00398cam a22001097a 4500
008 180718b1961 xxu||||| |||| 00| 0 eng d
082 _aA45:V5x42 1960-61
100 _aUnited Kingdom. Her Majesty's Stationery Office
245 _aThe electricity council: reports and council, 1960-61
_cby Her Majesty's Stationery Office
260 _aLondon
_bHer Majesty's Stationery Office
_c1961
300 _a153+p.
999 _c503663
_d503663